000 00285nam a2200097Ia 4500
082 _aJ 363.254 BECK
245 0 _aCool eyewitness encounters : how's your memory?
100 _a Beck, Esther Edina, Minn., 2009
_976344
942 _cBK
008 210817s9999 xx 000 0 und d
999 _c253718
_d253717